Κατάλογος Βιβλιοθηκών Mediterranean College

Fluid Mechanics / Fundamentals and Applications (in SI Units): Second Edition (Record no. 6072)

MARC details
000 -LEADER
fixed length control field 01292cam a22002294a 4500
005 - ΗΜΕΡΟΜΗΝΙΑ ΚΑΙ ΩΡΑ ΤΕΛΕΥΤΑΙΑΣ ΕΝΗΜΕΡΩΣΗΣ
Πεδίο ελέγχου 20250605164232.0
008 - FIXED-LENGTH DATA ELEMENTS--GENERAL INFORMATION
Πεδίο ελέγχου σταθερού μήκους 250528s ||||||||||||||||||||||||d
035 ## - SYSTEM CONTROL NUMBER
System control number 20995
020 ## - ISBN
ISBN 9780070700345
040 ## - ΠΗΓΗ ΚΑΤΑΛΟΓΟΓΡΑΦΗΣΗΣ
Φορέας πρωτότυπης καταλογογράφησης MC Athens Campus Library
Γλώσσα καταλογογράφησης Ελληνικά, Μοντέρνα (1453-)
Modifying agency MC Athens Campus Library
Κανόνες περιγραφικής καταλογογράφησης AACR2
245 1# - ΤΙΤΛΟΣ ΚΑΙ ΔΗΛΩΣΗ ΥΠΕΥΘΥΝΟΤΗΤΑΣ
Τίτλος Fluid Mechanics / Fundamentals and Applications (in SI Units): Second Edition
250 ## - EDITION STATEMENT
Edition statement 2nd
260 ## - PUBLICATION, DISTRIBUTION, ETC.
Name of publisher, distributor, etc. Mc Graw Hill Education,
Date of publication, distribution, etc. 2013
300 ## - PHYSICAL DESCRIPTION
Extent 984
520 ## - SUMMARY, ETC.
Summary, etc. This book presents numerous and diverse real-world engineering examples to give students a feel of how fluid mechanics is applied in engineering practice. Includes Student Resources DVD. Introduction and Basic Concepts, Properties of Fluids, Pressure and Fluid Statics, Fluid Kinematics, Mass Bernoulli and Energy Equations, Momentum of Flow Systems, Dimensional Analysis and Modeling, Internal Flow, Differential Analysis of Fluid Flow, Approximate Solutions of the Navier-Stokes Equation, External Flow: Drag and Lift, Compressible Flow, Open-Channel Flow, Turbomachinery, Introduction to Computational Fluid Dynamics, Appendices, Property Tables and Charts, Glossary, Index.
700 1# - ΠΡΟΣΘΕΤΗ ΑΝΑΓΡΑΦΗ--ΦΥΣΙΚΟ ΠΡΟΣΩΠΟ
Personal name Cengel Yunus A
9 (RLIN) 5739
700 1# - ΠΡΟΣΘΕΤΗ ΑΝΑΓΡΑΦΗ--ΦΥΣΙΚΟ ΠΡΟΣΩΠΟ
Personal name Cimbala John M
9 (RLIN) 6766
700 1# - ΠΡΟΣΘΕΤΗ ΑΝΑΓΡΑΦΗ--ΦΥΣΙΚΟ ΠΡΟΣΩΠΟ
Personal name Kanoglu Mehmet
9 (RLIN) 7012
942 ## - ADDED ENTRY ELEMENTS (KOHA)
Koha item type Books
Holdings
Τύπος τεκμηρίου Βιβλιοθήκη Τρέχουσα τοποθεσία Barcode Αριθμός εισαγωγής Ημερομηνία απόκτησης Ταξιθετικό σύμβολο Αριθμός αντιτύπου Κατάσταση απόσυρσης Κατάσταση χαμένου Κατάσταση κατεστραμμένου Μη δανεισμός Σύνολο δανεισμών Σύνολο ανανεώσεων Ημερομηνία τελευταίας εμφάνισης Χρονολογία τελευταίου δανεισμού Η τιμή ισχύει από
Books MC Athens Campus Library MC Athens Campus Library 9780000060716 6759 05/06/2025 REF 620.1/06 GEN 1         1 1 11/02/2026 04/02/2026 05/06/2025

MC Athens Campus Library
Πατησίων 94 & Κοδριγκτώνος 13, 104 34
Πελλήνης 8 & Πατησίων 107, 112 51
Τ: +30 210 8899600

MC Thessaloniki Campus Library
Ίωνος Δραγούμη 21, 54625 | Ίωνος Δραγούμη 15, 54625
Τ: +30 2310 287779 – Τ: +30 2314 440300